[Event "AUTO-INT-2395"]
[Site "http://www.queenalice.com/game.php?id=1088623"]
[Date "2012.7.30"]
[Round "1"]
[White "PitBullLoko"]
[Black "Clemente"]
[Result "1-0"]
[WhiteElo "1670"]
[BlackElo "1484"]

1. d4 Nf6 2. c4 d5 3. cxd5 Qxd5 4. Nc3 Qa5 5. Bd2 Qb4 6. Nd5 Qd6 7. Nxf6+ Qxf6
8. Nf3 Nc6 9. Bc3 e6 10. d5 Qf5 11. g3 Qxf3 12. exf3 exd5 13. Qxd5 Be6 14. Qe4
f6 15. Bb5 Ke7 16. O-O-O Kf7 17. Bxc6 bxc6 18. Qxc6 Rc8 19. Rhe1 Re8 20. Qxc7+
Kg8 21. Qc6 Re7 22. Rxe6 h5 23. Rxe7 Bxe7 24. Qe8+ Bf8 25. Qg6 Rh6 26. Qe8 g5
27. Rd8 Kg7 28. Qxf8+ 1-0

[Event "AUTO-INT-2395"]
[Site "http://www.queenalice.com/game.php?id=1088624"]
[Date "2012.7.30"]
[Round "1"]
[White "Clemente"]
[Black "PitBullLoko"]
[Result "1-0"]
[WhiteElo "1478"]
[BlackElo "1682"]

1. c4 g6 2. d4 Bg7 3. d5 Nf6 4. Qd4 O-O 5. e4 Ng4 6. Qd2 c6 7. h3 Ne5 8. dxc6
bxc6 9. Nc3 Nxc4 10. Bxc4 Ba6 11. Bxa6 Nxa6 12. Nf3 Nc5 13. O-O e6 14. b4 Nxe4
15. Qe3 Nxc3 16. Bd2 Nd5 17. Qe1 Bxa1 18. Qxa1 Rb8 19. Bh6 f6 20. Bxf8 Qxf8 21.
Qb1 Nxb4 22. Qe1 Nxa2 23. Qa5 Nb4 24. Qxa7 d5 25. Rb1 Ra8 26. Qd4 c5 27. Qc3 Na2
28. Qb2 Nb4 29. Qe2 Qe8 30. Nh4 e5 31. Qg4 Ra4 32. Nf5 Qf8 33. h4 d4 34. h5 g5
35. Qd1 Ra6 36. Qb3+ Kh8 37. f3 c4 38. Qxc4 Rc6 39. Qb5 Qc8 40. Rxb4 Rc1+ 41.
Kh2 Qxf5 42. Qe8+ Kg7 43. Rb7+ Kh6 44. Qf8+ Kxh5 45. g4+ Qxg4 46. fxg4+ Kxg4 47.
Rb2 f5 48. Qh6 Rc3 49. Rg2+ Kf4 50. Qxg5+ Ke4 51. Qh4+ Kd5 52. Qxh7 f4 53. Qb7+
Kc4 54. Qe4 f3 55. Qc6+ Kd3 56. Qxf3+ Kc4 57. Qe2+ d3 58. Qa2+ Kd4 59. Qb2 Kc4
60. Rg4+ e4 61. Rxe4+ Kd5 62. Qb4 1-0

[Event "AUTO-INT-2420"]
[Site "http://www.queenalice.com/game.php?id=1097697"]
[Date "2012.8.29"]
[Round "1"]
[White "sockmonster"]
[Black "PitBullLoko"]
[Result "0-1"]
[WhiteElo "1384"]
[BlackElo "1660"]

1. d4 d5 2. c4 c6 3. Nc3 b5 4. cxb5 cxb5 5. Nxb5 Nc6 6. Nf3 Ba6 7. Nc3 e6 8. Bg5
Be7 9. Bxe7 Qxe7 10. Qa4 Bb7 11. e4 dxe4 12. Nxe4 Nf6 13. Nxf6+ gxf6 14. Bb5 O-O
15. Bxc6 Bxc6 16. Qxc6 Rac8 17. Qe4 Qb4+ 0-1

[Event "AUTO-INT-2420"]
[Site "http://www.queenalice.com/game.php?id=1097698"]
[Date "2012.8.29"]
[Round "1"]
[White "PitBullLoko"]
[Black "sockmonster"]
[Result "1-0"]
[WhiteElo "1655"]
[BlackElo "1389"]

1. d4 Nf6 2. Nc3 d5 3. g3 Nbd7 4. Bg2 e6 5. Bg5 Be7 6. Nf3 O-O 7. Bxf6 Bxf6 8.
e4 dxe4 9. Nxe4 Re8 10. Nxf6+ Nxf6 11. Ne5 Bd7 12. Bxb7 Rb8 13. Qf3 Qe7 14.
O-O-O Red8 15. Rhe1 1-0

[Event "AUTO-INT-2420"]
[Site "http://www.queenalice.com/game.php?id=1097713"]
[Date "2012.8.29"]
[Round "1"]
[White "REDWOLF"]
[Black "PitBullLoko"]
[Result "0-1"]
[WhiteElo "1488"]
[BlackElo "1665"]

1. f4 d5 2. Nf3 Nf6 3. e3 Bg4 4. Be2 Nc6 5. O-O g6 6. d4 Bg7 7. h3 Bf5 8. Nc3
O-O 9. Ne5 Ne4 10. Qe1 Nb4 11. Qd1 Ng3 12. Rf2 Nxc2 13. Bd2 Nxa1 14. Qxa1 Ne4
15. Nxe4 dxe4 16. Qc1 b6 0-1

[Event "AUTO-INT-2420"]
[Site "http://www.queenalice.com/game.php?id=1097714"]
[Date "2012.8.29"]
[Round "1"]
[White "PitBullLoko"]
[Black "REDWOLF"]
[Result "1-0"]
[WhiteElo "1674"]
[BlackElo "1479"]

1. d4 f5 2. b3 Nf6 3. Nc3 e6 4. Bb2 Be7 5. Nf3 O-O 6. e4 fxe4 7. Nxe4 Nxe4 8.
Bd3 Nf6 9. Ng5 d5 10. O-O Bd7 11. c4 dxc4 12. Bxc4 Nc6 13. Re1 Nb4 14. Ba3 h6
15. Nxe6 Bxe6 16. Rxe6 1-0

[Event "AUTO-INT-2395"]
[Site "http://www.queenalice.com/game.php?id=1130972"]
[Date "2012.12.13"]
[Round "2"]
[White "JBLOKO"]
[Black "PitBullLoko"]
[Result "1-0"]
[WhiteElo "1712"]
[BlackElo "1656"]

1. e4 c5 2. Bc4 g6 3. d4 Bg7 4. dxc5 Nc6 5. Nf3 Qa5+ 6. Nc3 Qxc5 7. Qd5 Qxd5 8.
Nxd5 Rb8 9. Nc7+ Kf8 10. Bf4 d6 11. Ng5 Bxb2 12. Rd1 Bc3+ 13. Kf1 Bg4 14. f3 Bh5
15. g4 Bxg4 16. fxg4 Nd8 17. Nd5 Rc8 18. Bb5 Rc5 19. Bd7 Ne6 20. Bxe6 1-0

[Event "AUTO-INT-2395"]
[Site "http://www.queenalice.com/game.php?id=1130973"]
[Date "2012.12.13"]
[Round "2"]
[White "PitBullLoko"]
[Black "JBLOKO"]
[Result "0-1"]
[WhiteElo "1602"]
[BlackElo "1711"]

1. d4 e6 2. e4 d6 3. Nf3 h6 4. Nc3 a6 5. Be3 c5 6. Bc4 Nf6 7. d5 e5 8. O-O Be7
9. Nh4 Ng4 10. Nf5 Bxf5 11. exf5 Nxe3 12. Qe2 Nxf1 13. Rxf1 O-O 14. Ne4 b5 15.
f6 Bxf6 16. Nxf6+ Qxf6 17. Bd3 Nd7 18. a3 c4 19. Be4 Nc5 20. f3 g6 21. b3 cxb3
22. cxb3 Nxb3 23. Qb2 Nc5 24. Bb1 Na4 25. Qb3 Rac8 26. f4 exf4 27. Qh3 Rc3 28.
Qg4 Qd4+ 29. Kh1 Qg7 30. Qxf4 Rd8 31. Bxg6 fxg6 32. h3 Rf8 33. Qxf8+ Qxf8 0-1

[Event "AUTO-INT-2395"]
[Site "http://www.queenalice.com/game.php?id=1130976"]
[Date "2012.12.13"]
[Round "2"]
[White "J_Ricardo"]
[Black "PitBullLoko"]
[Result "0-1"]
[WhiteElo "1577"]
[BlackElo "1643"]

1. e4 c5 2. Nc3 Nc6 3. d3 g6 4. Bg5 Bg7 5. Nf3 h6 6. Bf4 e5 7. Be3 Nf6 8. Bxc5
d6 9. Ba3 Bg4 10. Be2 Bxf3 11. Bxf3 O-O 12. Ne2 Nh5 13. Bxh5 gxh5 14. Nc3 Qg5
15. Bxd6 Qxg2 16. Rf1 Rfe8 17. Nd5 Rac8 18. Ne3 Qg6 19. Nf5 Qg4 20. f3 Qf4 21.
Nxg7 Red8 22. Nxh5 Qh4+ 23. Ng3 Rxd6 24. Qd2 Rg6 25. O-O-O a5 26. Nf5 Qf4 27. a3
Nd4 28. Ne7+ Kh7 29. Nxc8 Rg2 30. c3 Nb3+ 31. Kc2 Nxd2 32. Nb6 Nxf1+ 33. Kb3
Qxf3 34. Re1 Qxd3 35. h3 Qb5+ 36. Ka2 Qxb2# 0-1

[Event "AUTO-INT-2395"]
[Site "http://www.queenalice.com/game.php?id=1130977"]
[Date "2012.12.13"]
[Round "2"]
[White "PitBullLoko"]
[Black "J_Ricardo"]
[Result "1-0"]
[WhiteElo "1675"]
[BlackElo "1575"]

1. e4 e6 2. a3 b6 3. g3 Bb7 4. Bg2 Nf6 5. Nc3 Bd6 6. Nge2 a6 7. d3 c5 8. Bg5 h6
9. Bxf6 Qxf6 10. Nd5 exd5 11. O-O dxe4 12. dxe4 Qg6 13. Nc3 Be5 14. Rb1 Bxe4 15.
Nxe4 O-O 16. Re1 Nc6 17. f4 Bf6 18. Nd6 Ne7 19. Be4 Nf5 20. Nxf5 Rae8 21. Nd6
Re7 22. Bxg6 fxg6 23. Ne4 Bd4+ 24. Kg2 d5 25. c3 Bf6 26. Nxf6+ Kf7 27. Rxe7+
Kxe7 28. Nxd5+ Kf7 29. Nxb6 g5 30. Qd5+ Kg6 31. Qxc5 gxf4 32. Rf1 f3+ 33. Rxf3
Rd8 34. b4 Kh7 35. Nd5 Re8 36. Nf6+ Kg6 37. Qf5+ Kf7 38. Nd5+ Kg8 39. Qf7+ Kh7
40. Nf6+ Kh8 41. Qxe8# 1-0

[Event "AUTO-INT-2395"]
[Site "http://www.queenalice.com/game.php?id=1130980"]
[Date "2012.12.13"]
[Round "2"]
[White "PitBullLoko"]
[Black "DaviBoeing"]
[Result "1-0"]
[WhiteElo "1656"]
[BlackElo "1735"]

1. d4 e6 2. e4 c5 3. c3 cxd4 4. cxd4 Bb4+ 5. Bd2 Bxd2+ 6. Nxd2 Qb6 7. Nc4 Qb4+
8. Qd2 Qxd2+ 9. Nxd2 d5 10. Bb5+ Bd7 11. Bxd7+ Nxd7 12. Ne2 dxe4 13. Nxe4 e5 14.
d5 f5 15. Nd6+ Ke7 16. Nxf5+ Kf8 17. O-O g6 18. Nd6 b6 19. f4 Ke7 20. Nb5 e4 21.
d6+ Kd8 22. Ned4 Nc5 23. Rac1 a6 24. Nc7 Ra7 25. Nc6+ Kd7 26. Nxa7 Kxd6 27. Nxa6
Nxa6 28. Rc6+ Ke7 29. Rxb6 Nc5 30. Rc1 Ne6 31. Nc8+ Kf7 32. Nd6+ Ke7 33. f5 gxf5
34. Nxf5+ Kf7 35. Nd6+ Ke7 36. Nxe4 Nf6 37. Rb7+ Nd7 38. Rd1 Rd8 39. a4 Ke8 40.
Nd6+ Ke7 41. Nf5+ Ke8 42. Re1 Kf7 43. Nh6+ Kf6 44. Ng4+ Kf5 45. h3 h5 46. Rb5+
Nec5 47. Rf1+ Ke6 48. Re1+ Kd6 49. Rd1+ Kc7 50. a5 hxg4 51. hxg4 Ra8 52. b4 Na6
53. Rc1+ Kd8 54. Rd1 Kc7 55. g5 Kc6 56. Rbd5 Nab8 57. g6 Kc7 58. g7 Nf6 59. Rc5+
Nc6 60. b5 Nh5 61. Rxc6+ Kb7 62. a6+ Rxa6 63. Rd7+ Kb8 64. Rxa6 Nf6 65. Rf7 Ng8
66. Raa7 Nh6 67. Rab7+ Ka8 68. Ra7+ Kb8 69. Rfb7+ Kc8 70. b6 Ng8 71. Rc7+ Kb8
72. Rf7 Ne7 73. Rf8+ Nc8 74. Rxc8+ Kxc8 75. g8=Q# 1-0

[Event "AUTO-INT-2395"]
[Site "http://www.queenalice.com/game.php?id=1130981"]
[Date "2012.12.13"]
[Round "2"]
[White "DaviBoeing"]
[Black "PitBullLoko"]
[Result "1-0"]
[WhiteElo "1655"]
[BlackElo "1665"]

1. e4 c5 2. Bc4 a6 3. Qf3 e6 4. Nh3 Nc6 5. c3 Ne5 6. Qe2 Nxc4 7. Qxc4 g6 8. O-O
Bg7 9. d4 cxd4 10. cxd4 Ne7 11. Bf4 O-O 12. e5 Nf5 13. g4 b5 14. Qc5 Nh4 15. Nd2
Bb7 16. Bg5 Nf3+ 17. Nxf3 f6 18. exf6 Bxf6 19. Bxf6 Qxf6 20. Ne5 Qh4 21. Qa3
Rac8 22. Nxd7 Rf4 23. Nxf4 g5 24. Nh5 Qxg4+ 25. Ng3 Qh3 26. f3 e5 27. Nf6+ Kh8
28. Qe7 Bc6 29. Ngh5 Qd7 30. Nxd7 Bxf3 31. Qg7# 1-0